Normal view
MARC view
Entry Topical Term
001 - CONTROL NUMBER
- control field: 687076
003 - CONTROL NUMBER IDENTIFIER
- control field: OSt
005 - DATE AND TIME OF LATEST TRANSACTION
- control field: 20221007065653.0
008 - FIXED-LENGTH DATA ELEMENTS
- fixed length control field: 221007|| aca||aabn | a|a d
040 ## - CATALOGING SOURCE
- Original cataloging agency: OSt
- Transcribing agency: OSt
150 ## - HEADING--TOPICAL TERM
- Topical term or geographic name entry element: Law of elections
670 ## - SOURCE DATA FOUND
- Source citation: Work cat.: (OSt)1137977: Tewari O.P. 687037, Law of elections in India, 2001
